000 00564nam a22001577a 4500
003 OSt
005 20151104093346.0
008 151104b xxu||||| |||| 00| 0 eng d
040 _cRUA
082 _aFOR ប៊ិន 1995 B121 Or.1
100 _93312
_aប៊ិន ប៊ុនឆាត
245 _aការសិក្សាអំពីធ្យូងភក់នៅឃុំទួលស្តីស្រុកចន្ទ្រាខេត្តស្វាយរៀង
260 _aPhnom Penh
_bRUA
_c1995
300 _a56p.
_bill.
_c29cm.
942 _2ddc
_cFOR
999 _c3091
_d3091